[Event "Sautron op 18th"]
[Site "Sautron "]
[Date "2018.10.26"]
[Round "7.1"]
[White "Rausis, Igors"]
[Black "Bogdanov, Egor"]
[Result "1/2-1/2"]
[WhiteElo "2651"]
[BlackElo "2389"]
[Annotator "Primel,D"]
[PlyCount "137"]
[EventDate "2018.10.20"]
[EventType "swiss"]
[EventRounds "9"]
[EventCountry "FRA"]
[SourceTitle "EXT 2021"]
[Source "ChessBase"]
[SourceDate "2020.10.23"]
[SourceVersion "1"]
[SourceVersionDate "2020.10.23"]
[SourceQuality "1"]
[TimeControl "40/5400+30:1800+30"]
[WhiteClock "0:17:26"]
[BlackClock "0:01:33"]

1. e4 {[%emt 0:00:00]} c5 {[%emt 0:00:00]} 2. Nf3 {[%emt 0:00:23]} g6 {[%emt 0:
02:53]} 3. d4 {[%emt 0:02:16]} cxd4 {[%emt 0:00:39]} 4. Nxd4 {[%emt 0:01:31]}
Bg7 {[%emt 0:00:15]} (4... Nc6 5. c4 Nf6 6. Nc3 d6 7. Be2 Nxd4 8. Qxd4 Bg7 9.
Be3 O-O 10. Qd2 a5 (10... Be6) (10... Qa5) 11. f3 a4 12. O-O (12. Kf2 $5 {
Une idée récente de CARUANA gardant l'option d'attaquer à l'aile-roi} Qa5
13. Rac1 (13. Rab1) 13... Be6 {[%cal Ge6c4,Ga8c8,Gf8c8]} (13... Bd7 $143 {
Le coup naturel mais qui donne des bons résultats pour les Blancs} 14. Nd5 $1
{[%cal Gd2a5,Gd5e7]} Nxd5 15. Qxa5 Rxa5 16. cxd5 Bxb2 17. Rc7 Bc8 18. Rxe7 Ra8
19. Rb1 a3 20. Rc7 $16 {Firat,B (2468)-Iliaguev,N (2366) EU-ch 20th Skopje
2019 (7) 1-0}) (13... Rd8 14. Rhd1 (14. h4 $5 Be6 15. Nd5 Qxd2 16. Bxd2 Nxd5
17. cxd5 Bd7 18. Bc3 a3 $132)) 14. Nd5 Bxd5 15. Qxa5 Rxa5 16. cxd5 e6 (16...
Nd7 17. Rc7 $36 {Caruana,F (2827)-Antipov,M (2580) Gibraltar Masters 15th 2017
(5) 1-0}) 17. dxe6 fxe6 {[%cal Gf6e4,Gf6g4]} 18. Ke1 Nd7 19. Rc2 b5 {McShane,L
(2640)-Jones,G (2654) GBR-ch KO London 2017 (1.2) 1-0} (19... Ne5 20. Kd2 d5))
12... Qa5 $132) 5. c4 {[%emt 0:00:16]} (5. Nc3) 5... Nc6 {[%emt 0:00:15]} 6.
Be3 {[%emt 0:00:08]} Nf6 {[%emt 0:00:13]} 7. Nc3 {[%emt 0:00:10]} O-O {[%emt 0:
00:12]} 8. Be2 {[%emt 0:00:59]} b6 {[%emt 0:01:30]} (8... d6 {La grande ligne
du dragon accéléré} 9. O-O Bd7 10. Nc2 (10. h3 Nxd4 11. Bxd4 Bc6 12. Qc2 {
La dernière mode}) 10... Rc8 11. f3 Qa5 (11... Na5 12. b3 Ng4 13. Bd2 Qb6+ 14.
Kh1 Nf2+ 15. Rxf2 Qxf2 16. Nd5 $1 $40 {Madl,I (2356)-Rigo,J (2264) Zalakaros
op 34th 2015 (3) 1-0}) (11... Ne5 12. Na3 (12. b3 a6 13. Nd5 Nxd5 14. exd5 f5 {
Tabatt,H (2318)-Moeldner,J (2202) Oberliga Sued W 1718 2017 (1.7) 1-0})) (11...
a6 12. Qd2 Ne5 13. Na3 Be6 14. Nd5 Bxd5 15. exd5) 12. Qd2 Rfe8 13. Rac1 a6 14.
a3 Ne5 15. c5 {[%cal Gd2d7]} (15. b4) 15... Be6 (15... dxc5 16. f4 Nc6 17. e5
$44) 16. cxd6 {Lupulescu,C (2361)-Jakab,A (2328) HUN-ROM m U20 1999 (2) 1-0})
9. O-O {[%emt 0:01:19]} (9. f4 $5 Bb7 10. Bf3 Rc8 11. b3 d6 12. O-O Nd7 13.
Nde2 $14 {Badea,B (2545)-Aleksic,N (2445) Porto San Giorgio op 10th 1998 (5) 1/
2}) 9... Bb7 {[%emt 0:00:07]} 10. f3 {[%emt 0:02:55]} e6 {[%emt 0:02:18][%cal
Gd7d5] L'idée de la variante b6} 11. Qd2 {[%emt 0:06:19]} d5 {[%emt 0:02:05]}
(11... Qe7 12. Ndb5 $14 {[%csl Rd6]}) 12. Nxc6 {[%emt 0:01:23]} Bxc6 {[%emt 0:
00:12]} 13. cxd5 {[%emt 0:00:39]} exd5 {[%emt 0:00:09]} 14. e5 {[%emt 0:00:19]}
Ne8 {[%emt 0:06:15]} 15. f4 {[%emt 0:03:16]} f6 {[%emt 0:01:45]} 16. exf6 {
[%emt 0:05:18] Les alternatives Rad1 ou Bd4 donne des meilleures chances de
laisser un avantage d'ouverture} (16. Rad1 $142 $1 Nc7 (16... fxe5 17. Nxd5 Nf6
18. Nb4 Qxd2 19. Bxd2 Bb7 20. fxe5 Ne4 21. Bf4 $14 {Ragger,M (2615)-Greenfeld,
A (2557) New Delhi Parsvnath op 9th 2011 (10) 1-0}) 17. exf6 (17. Bd4 fxe5 18.
Bxe5) 17... Qxf6 18. Bd4 Qxd4+ 19. Qxd4 Bxd4+ 20. Rxd4 Ne6 21. Rd2 Nxf4 22. Bf3
Rad8 23. g3 Ne6 24. Bxd5 Rxf1+ 25. Kxf1 Kg7 26. Ke2 Bxd5 27. Rxd5 Kf6 28. Rxd8
Nxd8 29. Kd3 Ke5 30. Kc4 a6 31. a4 Nb7 32. b4 Nd6+ 33. Kd3 b5 34. a5 g5 35. Ne2
Nf5 36. Nc1 Ne7 37. Nb3 Nd5 38. Nc5 Nxb4+ 39. Kc3 Nd5+ 40. Kd3 Nc7 41. g4 h6
42. Nd7+ Kf4 43. Nf6 Ne6 44. h3 Kg3 45. Ke4 Kxh3 {Lagno,K (2542)-Guseinov,G 
(2631) Khanty-Mansiysk 2013 0-1}) (16. Bd4) 16... Nxf6 {[%emt 0:01:43]} 17. f5
{[%emt 0:01:32]} gxf5 {[%emt 0:13:56]} 18. Rxf5 {[%emt 0:01:18]} Ne4 {[%emt 0:
00:24]} 19. Rxf8+ {[%emt 0:03:36]} Qxf8 {[%emt 0:00:16]} 20. Nxe4 {[%emt 0:01:
01]} dxe4 {[%emt 0:00:05]} 21. Rf1 {[%emt 0:01:20]} Qd8 {[%emt 0:03:05]} 22.
Qb4 $1 {[%emt 0:05:08][%csl Ra8,Rg8] Le P passé est bloqué et le Blancs
gardent un petit avantage d'ouverture} Kh8 {[%emt 0:21:48]} 23. Rd1 $6 {
[%emt 0:03:53]} (23. Rf7 $142 $1 $36 Bd5 24. Rxg7 $1 Kxg7 25. Qd4+ $40) 23...
Qf8 {[%emt 0:02:37]} 24. Qd6 {[%emt 0:00:48]} Qxd6 {[%emt 0:02:17]} 25. Rxd6 {
[%emt 0:00:29]} Be8 {[%emt 0:03:14]} 26. b3 {[%emt 0:01:06]} Bf7 {[%emt 0:08:
45]} 27. Rd7 {[%emt 0:05:43]} Kg8 {[%emt 0:00:37]} 28. Re7 {[%emt 0:01:38]} Bd5
{[%emt 0:02:40]} (28... Bg6) 29. Bg4 {[%emt 0:10:44]} Kf8 {[%emt 0:09:04]} 30.
Rd7 {[%emt 0:00:28]} Bf7 {[%emt 0:00:54]} 31. g3 {[%emt 0:04:06]} Bf6 {[%emt 0:
07:49]} 32. Bf5 $16 {[%emt 0:03:12]} Bg6 {[%emt 0:03:29]} 33. Be6 {[%emt 0:04:
32]} Be7 {[%emt 0:02:00]} 34. Bc4 {[%emt 0:03:10]} (34. Kf1) 34... Bc5 {
[%emt 0:01:56]} 35. Kf2 {[%emt 0:00:44]} (35. Bxc5+ bxc5 36. Kf2 {[%cal Gf2e3]}
(36. Rc7) 36... Ke8 37. Rc7 Rd8 38. Ke3 $36) 35... a5 {[%emt 0:00:36]} (35...
Bxe3+ 36. Kxe3) 36. Bxc5+ {[%emt 0:07:51]} bxc5 {[%emt 0:00:02]} 37. Rc7 $2 {
[%emt 0:00:18] Joué à tempo et laissant un peu de contre-jeu aux Noirs} (37.
a4 $142 $5 {[%csl Ra5,Gc4,Rc5] Bloquant les deux faiblesses et les Blancs ont
des bonnes chances de gain}) 37... a4 {[%emt 0:00:21]} 38. Rxc5 {[%emt 0:00:55]
} axb3 {[%emt 0:00:22]} 39. Bxb3 {[%emt 0:00:39]} Rd8 {[%emt 0:00:30]} 40. Ke2
{[%emt 0:00:00]} Rd3 $132 {[%emt 0:00:00]} 41. Bc2 {[%emt 0:18:37]} Rf3 {
[%emt 0:03:25]} 42. Rc7 {[%emt 0:01:25]} h5 {[%emt 0:05:38]} 43. Rc6 {[%emt 0:
08:04]} Bf7 {[%emt 0:01:58]} 44. a4 {[%emt 0:01:08]} Ra3 $11 {[%emt 0:01:22]
[%csl Ga3]} 45. Rc5 {[%emt 0:12:37]} Ke7 {[%emt 0:01:18]} 46. Bxe4 {[%emt 0:02:
08]} Rxa4 {[%emt 0:00:32]} 47. Kf3 {[%emt 0:00:21]} Kf6 {[%emt 0:01:21]} 48.
Kf4 {[%emt 0:00:44]} Rb4 {[%emt 0:02:27]} 49. Rc6+ {[%emt 0:00:48]} Kg7 {
[%emt 0:01:35]} 50. Rd6 {[%emt 0:00:14]} Ra4 {[%emt 0:01:20]} 51. h3 {[%emt 0:
03:30]} Rb4 {[%emt 0:00:07]} 52. g4 {[%emt 0:00:37]} hxg4 {[%emt 0:00:05]} 53.
hxg4 {[%emt 0:00:02]} Ra4 {[%emt 0:00:45]} 54. g5 {[%emt 0:01:27]} Rb4 {
[%emt 0:01:13]} 55. Rd7 {[%emt 0:00:58]} Kf8 {[%emt 0:00:47]} 56. Ke3 {[%emt 0:
00:54]} Rb3+ {[%emt 0:00:30]} 57. Kf2 {[%emt 0:00:47]} Rb4 {[%emt 0:00:51]} 58.
Kf3 {[%emt 0:00:52]} Rb3+ {[%emt 0:00:34]} 59. Kf4 {[%emt 0:00:24]} Rb4 {
[%emt 0:00:09]} 60. Ke3 {[%emt 0:01:40]} Rb3+ {[%emt 0:00:07]} 61. Kd4 {
[%emt 0:00:15]} Rb4+ {[%emt 0:01:10]} 62. Kd3 {[%emt 0:00:46]} Rb3+ {[%emt 0:
00:11]} 63. Kd4 {[%emt 0:00:13]} Rb4+ {[%emt 0:00:04]} 64. Ke5 {[%emt 0:00:39]}
Rb5+ {[%emt 0:00:15]} 65. Kf4 {[%emt 0:00:09]} Rb4 {[%emt 0:00:17]} 66. Rd6 {
[%emt 0:00:19]} Ke7 {[%emt 0:00:51]} 67. Ke5 {[%emt 0:01:42]} Rxe4+ {[%emt 0:
00:19]} 68. Kxe4 {[%emt 0:00:05]} Kxd6 {[%emt 0:00:05]} 69. Kf5 {[%emt 0:00:10]
} 1/2-1/2

[Event "BL2-Ost 0102"]
[Site "Germany"]
[Date "2001.10.07"]
[Round "1.1"]
[White "Prusikin, Michael"]
[Black "Ivanisevic, Ivan"]
[Result "1-0"]
[WhiteElo "2506"]
[BlackElo "2550"]
[Annotator "Prusikin,M"]
[PlyCount "145"]
[EventDate "2001.10.07"]
[EventType "team-tourn"]
[EventRounds "9"]
[EventCountry "GER"]
[SourceTitle "EXT 2014"]
[Source "ChessBase"]
[SourceDate "2013.11.20"]
[SourceVersion "1"]
[SourceVersionDate "2013.11.20"]
[SourceQuality "1"]
[WhiteTeam "Forchheim"]
[BlackTeam "Hungen Lich"]
[WhiteTeamCountry "GER"]
[BlackTeamCountry "GER"]

1. d4 Nf6 2. Nf3 g6 3. c4 Bg7 4. Nc3 O-O 5. e4 c5 6. Be2 cxd4 7. Nxd4 Nc6 8.
Be3 b6 9. O-O Bb7 10. f3 {Umgeht eine fiese Falle, die bereits eine Menge
prominenter Opfer forderte:} (10. Rc1 $2 Nxd4 11. Bxd4 Bh6 $1 $17) 10... Qb8
11. Nxc6 {Legt sich vielleicht zu früh fest.} ({Populärer und wohl auch
vielversprechender ist} 11. Qd2) 11... dxc6 $1 $146 12. c5 Rd8 $6 {Danach geht
das weiße Konzept auf.} (12... b5 $1 {führte zum völligen Ausgleich.}) 13. Qb3
Nd7 (13... b5 14. a4 a6 15. Rfd1 $14) 14. cxb6 axb6 15. f4 $1 $14 {Eine
wichtige Veränderung der Struktur. Weiß droht, mit e4-e5 den schwarzen
Fianchettoläufer aus dem Spiel auszuschließen.} Ba6 ({Die Engine plädiert für} 
15... Bxc3 $5 {aber nach} 16. bxc3 Ba6 17. c4 $1 c5 18. f5 {wird der schwarze
Königsflügel doch empfindlich schwach}) 16. Bxa6 Rxa6 17. e5 Nf8 18. a4 $1 {
legt die Schwäche b6 fest} Ne6 19. Qc4 ({Etwas logischer sah} 19. Rfd1 {aus})
19... Qb7 20. Rad1 Raa8 21. Qb3 $6 {Inkosequent.} (21. Qe4 $1 $14) 21... b5 (
21... c5 $5 22. Rxd8+ Rxd8 23. Rd1 $14) 22. axb5 (22. Qb4 $1) (22. g3 $5) 22...
cxb5 {Die letzten 3 Züge sind mir etwas mißlungen, von dem bequemen Vorteil
ist nicht mehr viel übrig.} 23. Nd5 (23. Qxb5 Qxb5 24. Nxb5 Rdb8 25. Nd4 Rxb2
26. Nxe6 fxe6 {wird man kaum gewinnen können}) 23... Ra4 24. Nc3 Rxd1 {
Möglicherweise hat mein Gegner bereits auf Gewinn gespielt, dazu gab es aber
keinerlei Grund, Weiß hat zwar seinen Vorteil verspeilt, kann baer auch auf
keinen Fall schlechter stehen.} (24... Raa8) 25. Qxd1 Rc4 (25... Ra8 $1 $11)
26. Qd3 Qc6 27. f5 gxf5 $2 (27... Nc7 28. e6 {sieht schrecklich aus für
Schwarz, aber gerade hier wäre alles in Ordnung gewesen:} Bf6 $1 {mit 
(erstaunlich, aber wahr!) Ausgleich} (28... f6 29. Ne2 gxf5 30. b3 Rc2 31. Rxf5
Nxe6 32. Rxb5 $14)) 28. Qxf5 Nd8 29. Rd1 Qc8 $2 {Verlustzug, wobei} (29... Ne6
30. Nd5 Qe8 $16 {zugegebernermaßen auch sehr wenig attraktiv für Schwarz
aussieht}) 30. Nd5 $1 $18 Qxf5 31. Nxe7+ Kf8 32. Nxf5 Nc6 33. Rd5 Bxe5 34. Rxb5
f6 35. Rc5 {Eigentlich logisch, die Türme zu tauschen, aber jetzt kommt der
schwarze König sehr schnell in die Mitte.} (35. b3 $5) 35... Rxc5 36. Bxc5+ Kf7
37. b4 Ke6 38. Ne3 Nd4 (38... f5 39. Nc2 $1 (39. h3 $2 Nxb4 40. Bxb4 Bd4 41.
Kf2 f4 $11) 39... Kd5 40. h3 $16) 39. Kf2 Nb5 40. h3 f5 41. Ke2 Bg3 42. Nc2 Kd5
43. Kd3 f4 $6 44. Nd4 Na3 45. Ne2 Bh2 46. Bf2 Kc6 47. Ke4 Kb5 48. Nxf4 Kxb4 49.
g3 Kb5 50. Kf3 Kc6 51. Nh5 Kd5 52. Nf6+ Ke6 53. Nxh7 Kf5 54. Kg2 Bxg3 55. Kxg3
Nc4 56. Bd4 Nd6 57. Nf6 Kg6 58. Kg4 Nf5 59. Bb2 Nh6+ 60. Kf4 Nf5 61. Nd5 Nd6
62. Kg4 Ne4 63. Bd4 Kh6 64. h4 Nd6 65. Ne3 Kh7 66. h5 Kh6 67. Be5 Nf7 68. Nf5+
Kh7 69. Bf6 Kg8 70. Kf4 Kh7 71. Be7 Kg8 72. Nd6 Nh6 73. Bg5 1-0

[Event "Sautron op 14th"]
[Site "Sautron"]
[Date "2014.10.25"]
[Round "8"]
[White "Koziak, Vitali"]
[Black "Barbot, Pierre"]
[Result "1/2-1/2"]
[WhiteElo "2456"]
[BlackElo "2440"]
[Annotator "RR"]
[PlyCount "50"]
[EventDate "2014.10.26"]
[EventType "swiss"]
[EventRounds "9"]
[EventCountry "FRA"]
[SourceTitle "EXT 2015"]
[Source "ChessBase"]
[SourceDate "2014.11.20"]
[SourceVersion "1"]
[SourceVersionDate "2014.11.20"]
[SourceQuality "1"]
[TimeControl "40/5400+30:1800+30"]
[WhiteClock "0:11:50"]
[BlackClock "0:46:55"]

1. Nf3 {[%emt 0:00:00]} Nf6 {[%emt 0:00:00]} 2. c4 {[%emt 0:00:00]} g6 {
[%emt 0:00:00]} 3. Nc3 {[%emt 0:06:36]} Bg7 {[%emt 0:00:07]} 4. e4 {[%emt 0:01:
26]} c5 {[%emt 0:00:04]} 5. d4 {[%emt 0:00:16]} cxd4 {[%emt 0:00:02]} 6. Nxd4 {
[%emt 0:00:11]} O-O {[%emt 0:00:54]} 7. Be2 {[%emt 0:01:29]} Nc6 {[%emt 0:00:
49]} 8. Be3 {[%emt 0:00:43]} d6 {[%emt 0:00:05]} 9. O-O {[%emt 0:00:33]} Bd7 {
[%emt 0:00:06]} 10. Qd2 {[%emt 0:10:02]} (10. Nc2 {[%csl Rd7] L'alternative
pour empêcher d'activer le Bd7}) 10... Nxd4 {[%emt 0:01:06]} 11. Bxd4 {
[%emt 0:00:12]} Bc6 {[%emt 0:00:04]} 12. f3 {[%emt 0:00:11]} a5 {[%emt 0:00:04]
} 13. Rab1 {[%emt 0:14:39]} Nd7 {[%emt 0:02:39]} 14. Be3 {[%emt 0:00:08]} a4 $5
{[%emt 0:00:34] La préparation du clichois} (14... Nc5 15. Rfc1 Be5 16. b3 e6
17. Bf1 Qe7 18. Rc2 f5 19. exf5 Rxf5 20. Ne2 Raf8 21. f4 Ne4 22. Qd3 Bg7 23.
Ng3 Nxg3 24. hxg3 e5 25. Re2 exf4 26. Bxf4 Qf7 27. Ree1 Rxf4 28. gxf4 Qxf4 29.
Rbd1 Be5 30. Rxe5 Qf2+ 31. Kh2 dxe5 32. Qg3 Rf4 33. Qxf2 Rxf2 34. a3 Rb2 35.
Rd3 Kg7 36. Re3 Kf6 37. Be2 e4 38. Kg1 Ke5 39. Kf2 Bd7 40. Ke1 {0-1 (40)
Kveinys,A (2527)-Iturrizaga Bonelli,E (2653) Riga 2014}) 15. b4 {[%emt 0:07:43]
} (15. Rfc1 Nc5 16. Bd1 Re8 17. b4 $14) 15... axb3 {[%emt 0:02:24]} 16. axb3 {
[%emt 0:02:56]} Ra3 {[%emt 0:00:24]} 17. Rfc1 {[%emt 0:01:07][%cal Gc1c3,Gb3b4]
} Nc5 {[%emt 0:01:36]} 18. Bd1 {[%emt 0:00:53][%cal Gd1b3,Gb3b4]} Qa8 {[%emt 0:
07:48]} 19. b4 $14 {[%emt 0:04:19]} Ne6 {[%emt 0:13:26]} 20. Kh1 {[%emt 0:21:
41]} (20. Bb3 Rc8 21. Nd5 Bxd5 22. exd5 {[%csl Re7]} Nf8 23. c5 $16 {Borges
Mateos,J (2453)-Galego,L (2506) Capablanca Memorial Premier II 38th 2003 (11)
1-0}) 20... Nc7 $146 {[%emt 0:11:58] Un coup bizarre} (20... Re8 21. Nd5 Ra2
22. Qe1 Bxd5 23. cxd5 Nd4 24. b5 Qa3 25. Rc4 Qd3 26. Rbc1 Nxb5 27. Bg1 Bh6 28.
Ba4 Rxa4 29. Rxa4 Bxc1 30. Qxc1 Nc3 31. Rd4 Ne2 32. Rxd3 Nxc1 33. Rd2 Rc8 34.
Rb2 Rc7 35. Bb6 Rc3 36. Rb1 Nd3 37. Be3 Nc5 38. Bf2 Nb3 39. Kg1 b5 40. Kf1 Rc1+
41. Rxc1 Nxc1 42. Be3 Nb3 43. Ke2 f5 44. exf5 gxf5 45. Kd3 Nc5+ 46. Kc3 Kf7 47.
Bd4 b4+ 48. Kc4 b3 49. g3 f4 50. gxf4 {Hermansson,E (2340)-Wall,T (2370)
Oxford 1998 1/2-1/2 (64)}) 21. Nd5 {[%emt 0:07:16]} (21. Bb6 Rc8) 21... Nxd5 {
[%emt 0:05:15]} 22. exd5 {[%emt 0:00:10]} Bd7 {[%emt 0:02:42]} 23. Bd4 {
[%emt 0:04:14]} Ra2 {[%emt 0:00:33]} 24. Bc2 {[%emt 0:03:46]} Bxd4 {[%emt 0:02:
53]} 25. Qxd4 {[%emt 0:00:09]} Rc8 {[%emt 0:00:02]} 1/2-1/2

[Event "Candidates sf2"]
[Site "Linares"]
[Date "1992.??.??"]
[Round "10"]
[White "Timman, Jan H"]
[Black "Jussupow, Artur"]
[Result "1-0"]
[WhiteElo "2620"]
[BlackElo "2655"]
[Annotator "Rogers,I"]
[PlyCount "59"]
[EventDate "1992.04.??"]
[EventType "match"]
[EventRounds "10"]
[EventCountry "ESP"]
[SourceTitle "Candidates"]
[Source "ChessBase"]
[SourceDate "1999.07.01"]
[SourceVersion "2"]
[SourceVersionDate "1999.07.01"]
[SourceQuality "1"]

1. e4 c5 2. Nf3 Nc6 3. d4 cxd4 4. Nxd4 g6 {A rather strange choice for a
must-win game; Jussupow willingly allows the dreaded 'Maroczy Bind' (5.c4)
which has traditionally proven very hard to shake.} 5. c4 {(!)} Bg7 6. Be3 Nf6
7. Nc3 O-O 8. Be2 b6 $5 9. O-O Bb7 10. f3 $1 ({White should steer clear of} 10.
Qd2 $6 Nxd4 11. Bxd4 e5 $1 12. Bxe5 Nxe4 {with good play for Black.}) 10... Nh5
11. Ndb5 $1 {A powerful idea.} ({Timman is willing to put his knight offside
on a3 in order to weaken Black's queenside and avoid ideas such as} 11. f4 $2
Nxf4 $1) (11. Qd2 Nf4 $1 {Now Timman is ready to play 12.f4 without allowing
any tricks.}) 11... a6 12. Na3 Rb8 ({Unfortunately,} 12... f5 {fails dismally
to} 13. exf5 gxf5 14. f4 Nf6 15. Qb3) (12... e5 $5 {may be the best try.}) 13.
f4 $1 Bxc3 14. bxc3 Nf6 15. e5 Ne4 16. Qe1 d6 $6 (16... f5 $5 {Jussupow}) 17.
Bf3 Na5 $6 (17... Nc5 $132 {Jussupow}) 18. f5 $1 gxf5 19. Bh6 Kh8 {Other moves
allow 20.Bxe4 and 21.Qg3+, mating. However surrendering the rooks signals the
end of Yusupov's world title hopes for the next three years as the rest is
easy for Timman.} 20. Bxf8 Qxf8 21. exd6 Nxd6 22. Rb1 Ne4 23. Qe3 Qg7 24. Qxb6
Qxc3 25. Bxe4 Qxa3 26. Rxf5 Nxc4 27. Qd4+ f6 28. Rxf6 $5 {Hardly necessary,
but Timman was obviously enjoying himself.} e5 ({The flashy text move is
justified by the variation} 28... exf6 29. Qxf6+ Kg8 30. Bd5+ Bxd5 31. Rxb8+ {
and mates.}) 29. Qa7 (29. Qxc4 {was not bad either.}) 29... Rd8 30. Qxb7 1-0

[Event "RUS-ch sf 58th"]
[Site "Kazan"]
[Date "2005.09.05"]
[Round "3"]
[White "Filippov, Valerij"]
[Black "Savchenko, Boris"]
[Result "0-1"]
[WhiteElo "2621"]
[BlackElo "2534"]
[Annotator "Roiz,M"]
[PlyCount "70"]
[EventDate "2005.09.03"]
[EventType "swiss"]
[EventRounds "9"]
[EventCountry "RUS"]
[SourceTitle "CBM 109"]
[Source "ChessBase"]
[SourceDate "2005.11.14"]
[SourceVersion "1"]
[SourceVersionDate "2005.11.14"]
[SourceQuality "1"]

{[%mdl 8196]} 1. Nf3 Nf6 2. c4 c5 3. Nc3 g6 4. d4 cxd4 5. Nxd4 Bg7 6. e4 Nc6 7.
Be3 O-O 8. Be2 d6 9. O-O Bd7 10. Qd2 Nxd4 11. Bxd4 Bc6 12. f3 a5 13. b3 Nd7 14.
Be3 Nc5 15. Rab1 Qb6 16. Rfc1 Rfc8 {All that is well known in theory!} 17. Rc2
Qd8 18. a3 {White has a solid space advantage and intends to increase it by
the advance b3-b4.} h5 {[%cal Gg8h7,Gd8f8] Even this prophylactic move is
typical for that kind of positions. Black intends to swap the dark-square
bishops by Kg8-h7,Qd8-f8 and Bg7-h6.} ({The alternatives are:} 18... Be5 19.
Bf1 b6 20. Bf2 Ra7 21. Qe3 Rb7 22. b4 axb4 23. axb4 Ne6 24. Ra2 Bd4 25. Qd2
Bxf2+ 26. Qxf2 $14 {1-0 Vallejo Pons,F-Rausis,I/Evry FRA 2004/The Week in
Chess 482 (64)}) ({and} 18... Qf8 19. b4 axb4 20. axb4 Ne6 21. Nd5 Ra3 22. Kh1
Rca8 23. f4 Ra1 24. Rbc1 $14 {1-0 Pogorelov,R-Damljanovic,B/Mondariz 1997/EXT
99 (61)}) 19. b4 {White has no other plan of improvement,so that move looks
very logical.} ({White has also tried} 19. Bf1 $5 {but i am not sure about
that prophylactic.}) 19... axb4 20. axb4 Ne6 {That looks a bit passively, but
Black wants to use the a-file for getting counterplay.} ({Black doesn't solve
all his problems after} 20... Na4 21. Nd5 e6 22. Nf4 Qf6 23. Rb3 $14 {1-0
Lukinov,P-Shurygin,S/Koszalin 2001/EXT 2002 (47)}) 21. Rd1 $146 (21. Nd5 Ra3
22. Kh1 Rca8 23. f4 Nf8 24. Bf3 Nd7 25. h3 e6 26. b5 Bxd5 27. exd5 e5 28. c5
exf4 29. Bf2 dxc5 30. d6 b6 31. Bxa8 Qxa8 32. Re1 Ne5 33. Kg1 Qd8 34. Qd5 Nd3
35. Re7 Qf8 36. d7 Ra1+ 37. Kh2 Nxf2 38. Rxf2 Qxe7 39. d8=Q+ Qxd8 40. Qxd8+ Kh7
41. Qxb6 {1-0 Bezemer,A-Wiersma,E/Amsterdam 2002/CBM 89 ext (41)}) 21... Ra3 {
[%csl Ga3,Rc3,Re3][%cal Ya3e3,Ya3c3] Putting some pressure on White's minor
pieces.} 22. c5 Qf8 {Missing a great possiblity!} ({It seems like Black could
immediately solve his problems by an elegant sacrifice:} 22... dxc5 $142 $1 23.
Qc1 cxb4 $1 24. Rxd8+ Rxd8 25. Bb6 (25. Nd5 $2 Ra1 26. Nxe7+ Kf8 27. Nxc6 Rxc1+
28. Rxc1 bxc6 $17) (25. Nd1 $2 Ra1 26. Rxc6 bxc6 27. Qc2 c5 $17) 25... Bxc3 $1
(25... Bd4+ 26. Bxd4 Nxd4 27. Nb1 Ba4 28. Nxa3 Bxc2 29. Bc4 bxa3 30. Qxa3 $14)
26. Bxd8 Bd4+ 27. Kh1 Nxd8 $44 {In my opinion, Black has full compensation for
the queen.}) 23. Bc4 $1 {That strong move allows White to maintain some
advantage.} ({At the same time,after the natural} 23. cxd6 exd6 {White
couldn't exploit the weakness of the Pd6. For instance,} 24. Rdc1 (24. Nd5 Bxd5
25. Rxc8 Qxc8 26. exd5 Nc7 $11 {[%cal Gc8e8]}) (24. Nb5 Bxb5 25. Rxc8 Qxc8 26.
Bxb5 Qc3 $11) 24... Ba4 $1 25. Nxa4 Rxc2 26. Rxc2 Rxe3 $1 $11) 23... dxc5 24.
Bxe6 fxe6 25. bxc5 $6 {A strange decision- now White has no targets for attack.
} ({Much better was:} 25. Bxc5 {[%cal Gb4b5]} Be8 (25... Be5 $6 26. b5 Rxc3 27.
Rxc3 Bxc3 28. Qxc3 Bxb5 29. Qb4 $36) (25... Rb3 26. Ne2 Ba4) 26. Rdc1 Qf6 27.
Ne2 $14) 25... Rca8 $132 {Black's activity compensates some drawbacks of his
position.} 26. Rcc1 (26. Bd4 Bf6 $1 (26... Bh6 27. Qe2 $11) 27. e5 $140 $6 Bg7
$15 {[%csl Re5]}) 26... Rb3 {[%cal Ga8a3] Black is fighting for the
initiative! He intends to double the rooks along the 3th rank.} (26... Be5 27.
Bd4 Rd8 (27... Bf4 28. Be3 $11) 28. Qf2 $11 (28. Qb2 Rxd4 29. Qxa3 Qf4)) 27.
Bg5 Raa3 28. Nb1 Ra1 29. Qc2 $2 {That inaccurate move leads to a loss of
material.} ({White could still keep the ballance by} 29. Qe1 $142 $11) 29...
Ba4 $1 $17 {[%csl Rc2,Rd1]} 30. Qc4 ({Even worse was:} 30. Qd2 Rb2 $19) 30...
Rbxb1 $1 {Exploiting the weakness of the 1st rank!} 31. Rxb1 Bxd1 32. Qxe6+ $2
{The decisive mistake.} ({More resistant would be:} 32. Rxa1 Bxa1 33. Qxe6+ Qf7
34. Qc8+ Kg7 35. Qd8 $17 {with some practical chances for survival, although
Black's position is winning from a technical point of view.}) 32... Qf7 33.
Qc8+ ({Of course, the endgame after} 33. Qxf7+ Kxf7 34. Rxa1 Bxa1 $19 {is
completely hopeless for White, since he has only one pawn for the piece!})
33... Kh7 34. Rxa1 Bd4+ $1 {Valery has probably overlooked this check. Black
is already not satisfied with taking the whole rook- he prefers mate!} 35. Kh1
(35. Kf1 Qc4+ 36. Ke1 Qe2#) 35... Qxf3 $1 {The most effect and effective way!}
({However,good enough was also} 35... Bxa1 36. Qd7 (36. Qxb7 Bxf3 37. Qb1 Be5
38. Qf1 Qa2 $1 $19) 36... Bxf3 37. gxf3 Qxf3+ 38. Kg1 Qxe4 39. Qxe7+ Qxe7 40.
Bxe7 Kg7 $19 {[%csl Rc5][%cal Gg7f7,Gf7e6,Ge6d5]}) ({White resigns in view of:
} 35... Qxf3 36. h4 (36. gxf3 Bxf3#) 36... Qf1+ 37. Kh2 Be5+ 38. g3 Qf2+ 39.
Kh3 (39. Kh1 Bf3#) 39... Qxg3#) 0-1